[Event "RUS-chT Blitz"]
[Site "Sochi"]
[Date "2023.10.17"]
[Round "10.24"]
[White "Pingin, Artem"]
[Black "Zakaryan, David"]
[Result "0-1"]
[WhiteElo "2398"]
[BlackElo "2307"]
[PlyCount "84"]
[EventDate "2023.10.17"]
[EventType "team-swiss (blitz)"]
[EventRounds "13"]
[EventCountry "RUS"]
[SourceTitle "Mega2024 Update 01"]
[Source "Chessbase"]
[SourceDate "2023.11.12"]
[SourceVersion "1"]
[SourceVersionDate "2023.11.12"]
[SourceQuality "1"]
[WhiteTeam "Sverdlovsk Region Malakhit"]
[BlackTeam "Krasnodarsk Region"]
[WhiteTeamCountry "RUS"]
[BlackTeamCountry "RUS"]

1. e4 e5 2. Nf3 Nc6 3. Bb5 a6 4. Ba4 Nf6 5. 0-0 Be7 6. Re1 b5 7. Bb3 0-0 8. a4 b4 9. d4 d6 10. dxe5 Nxe5 11. Nbd2 Bb7 12. Nxe5 dxe5 13. Qf3 Bc5 14. Bc4 Nd7 15. Nb3 Bd6 16. a5 Kh8 17. Qe2 Qh4 18. f3 f5 19. exf5 e4 20. f4 Bxf4 21. Bxf4 Qxf4 22. Rf1 Qe5 23. Be6 Nf6 24. Rad1 Rad8 25. h3 Rd6 26. Rxd6 cxd6 27. Rd1 g6 28. Nd4 gxf5 29. Bxf5 Rg8 30. Qe3 Rg3 31. Qh6 e3 32. Kf1 e2+ 33. Nxe2 Qxf5+ 34. Ke1 Rxg2 35. Qf8+ Rg8 36. Qxd6 Bf3 37. Rd4 Re8 38. Rd2 b3 39. cxb3 Qb1+ 40. Rd1 Rxe2+ 41. Kf1 Qxd1+ 42. Qxd1 Rf2+ 0-1

[Event "RUS-chT Blitz"]
[Site "Sochi"]
[Date "2023.10.17"]
[Round "13.24"]
[White "Tsvetkov, Andrey1"]
[Black "Zakaryan, David"]
[Result "0-1"]
[WhiteElo "2424"]
[BlackElo "2307"]
[PlyCount "44"]
[EventDate "2023.10.17"]
[EventType "team-swiss (blitz)"]
[EventRounds "13"]
[EventCountry "RUS"]
[SourceTitle "Mega2024 Update 01"]
[Source "Chessbase"]
[SourceDate "2023.11.12"]
[SourceVersion "1"]
[SourceVersionDate "2023.11.12"]
[SourceQuality "1"]
[WhiteTeam "Moscow MGFSO"]
[BlackTeam "Krasnodarsk Region"]
[WhiteTeamCountry "RUS"]
[BlackTeamCountry "RUS"]

1. d4 d5 2. c4 c6 3. Nf3 Nf6 4. g3 g6 5. Bg2 Bg7 6. b3 0-0 7. Bb2 dxc4 8. bxc4 Qb6 9. Qb3 c5 10. 0-0 Ne4 11. e3 Nc6 12. Nc3 Nxc3 13. Bxc3 Rd8 14. Ne5 cxd4 15. Qxb6 axb6 16. Nxc6 bxc6 17. Bxc6 dxc3 18. Bxa8 Bf5 19. Bf3 Bd3 20. Rfd1 c2 21. Rxd3 Rxd3 22. Rc1 Rd2 0-1

[Event "RUS-ch Rapid"]
[Site "Sochi"]
[Date "2023.10.16"]
[Round "6"]
[White "Iljiushenok, Ilia"]
[Black "Zakaryan, David"]
[Result "0-1"]
[WhiteElo "2547"]
[BlackElo "2307"]
[PlyCount "72"]
[EventDate "2023.10.15"]
[EventType "swiss (rapid)"]
[EventRounds "11"]
[EventCountry "RUS"]
[SourceTitle "Mega2024 Update 01"]
[Source "Chessbase"]
[SourceDate "2023.11.12"]
[SourceVersion "1"]
[SourceVersionDate "2023.11.12"]
[SourceQuality "1"]

1. e4 e5 2. Nc3 Nf6 3. g3 d5 4. exd5 c6 5. dxc6 Bc5 6. Bg2 Nxc6 7. d3 Bg4 8. Nge2 Nd4 9. h3 Bf3 10. Kf1 Qb6 11. Bxf3 Nxf3 12. Na4 Qc6 13. Nxc5 Qxc5 14. Ng1 Nd4 15. c3 Nc6 16. Be3 Qd5 17. Nf3 0-0-0 18. d4 exd4 19. Bxd4 Nxd4 20. cxd4 Ne4 21. Kg2 Kb8 22. Qb3 Qxb3 23. axb3 f6 24. Rhe1 Nd6 25. Rad1 Rd7 26. Rd3 Rhd8 27. g4 Nb5 28. Red1 Kc7 29. Kg3 Kb6 30. h4 Rd5 31. Kf4 h6 32. h5 Nc7 33. Re1 R5d6 34. Kf5 Rd5+ 35. Kf4 R5d6 36. Re7 Nd5+ 0-1

[Event "Sochi Pearl Blitz op"]
[Site "Sochi"]
[Date "2023.10.12"]
[Round "13"]
[White "Triapishko, Alexandr"]
[Black "Zakaryan, David"]
[Result "1-0"]
[WhiteElo "2499"]
[BlackElo "2307"]
[PlyCount "154"]
[EventDate "2023.10.12"]
[EventType "swiss (blitz)"]
[EventRounds "13"]
[EventCountry "RUS"]
[SourceTitle "Mega2024 Update 01"]
[Source "Chessbase"]
[SourceDate "2023.11.12"]
[SourceVersion "1"]
[SourceVersionDate "2023.11.12"]
[SourceQuality "1"]

1. g3 g6 2. Bg2 Bg7 3. c4 c5 4. Nc3 Nc6 5. e3 e6 6. Nge2 Nge7 7. 0-0 0-0 8. d4 cxd4 9. exd4 d5 10. cxd5 Nxd5 11. Nxd5 exd5 12. Be3 Be6 13. Qd2 Qb6 14. Rac1 Rac8 15. Rc5 Ne7 16. Rfc1 Nf5 17. Rxc8 Rxc8 18. Rxc8+ Bxc8 19. Bxd5 Nxe3 20. fxe3 Qd6 21. Nc3 Bd7 22. Bxb7 h5 23. Qf2 f5 24. Bg2 Kh7 25. h4 Bh6 26. Nd5 Be6 27. Nf4 Bxa2 28. Qf3 Qc7 29. Qb7 Qxb7 30. Bxb7 Bf8 31. Bd5 Bb1 32. Bf7 Bd6 33. Bxg6+ Kh6 34. Bf7 a5 35. b3 Ba2 36. Be6 Bxf4 37. gxf4 a4 38. bxa4 Bxe6 39. a5 Bc4 40. Kf2 Kg6 41. Ke1 Kf6 42. Kd2 Ke6 43. Kc3 Kd5 44. Kb4 Ba6 45. Kc3 Ke4 46. Kb4 Kd5 47. Kc3 Kd6 48. Kb4 Kc6 49. Ka4 Be2 50. Kb4 Kd5 51. Kc3 Ba6 52. Kb4 Bf1 53. Kc3 Kd6 54. Kb4 Kc6 55. Ka4 Kd7 56. Kb3 Ke6 57. Kb4 Kd6 58. Kc3 Kc6 59. Kb4 Be2 60. Ka4 Kd6 61. Kb3 Kd5 62. Kb4 Ba6 63. Kc3 Ke4 64. Kb4 Kd5 65. Kc3 Kc6 66. Kb4 Kd6 67. Kb3 Bf1 68. Kc3 Kc6 69. Kb4 Kd5 70. Kc3 Ba6 71. Kb4 Kc6 72. Ka4 Kd6 73. Kb4 Kd5 74. Kc3 Ke4 75. Kb4 Kd5 76. Kc3 Bc8 77. Kb4 Ba6 1-0

[Event "Sochi Pearl Blitz op"]
[Site "Sochi"]
[Date "2023.10.12"]
[Round "11"]
[White "Tsydypov, Zhamsaran"]
[Black "Zakaryan, David"]
[Result "1/2-1/2"]
[WhiteElo "2548"]
[BlackElo "2307"]
[PlyCount "30"]
[EventDate "2023.10.12"]
[EventType "swiss (blitz)"]
[EventRounds "13"]
[EventCountry "RUS"]
[SourceTitle "Mega2024 Update 01"]
[Source "Chessbase"]
[SourceDate "2023.11.12"]
[SourceVersion "1"]
[SourceVersionDate "2023.11.12"]
[SourceQuality "1"]

1. Nf3 Nf6 2. g3 g6 3. Bg2 Bg7 4. 0-0 0-0 5. c4 c6 6. d4 d5 7. b3 a5 8. Bb2 Bf5 9. Nbd2 a4 10. Nh4 Be6 11. Qc2 Qa5 12. Bc3 Qa6 13. Bb4 Re8 14. Rfb1 Nbd7 15. e3 Nb6 1/2-1/2

[Event "Sochi Pearl Rapid op"]
[Site "Sochi"]
[Date "2023.10.09"]
[Round "2"]
[White "Zakaryan, David"]
[Black "Tsydypov, Zhamsaran"]
[Result "0-1"]
[WhiteElo "2307"]
[BlackElo "2548"]
[PlyCount "74"]
[EventDate "2023.10.09"]
[EventType "swiss (rapid)"]
[EventRounds "11"]
[EventCountry "RUS"]
[SourceTitle "Mega2024 Update 01"]
[Source "Chessbase"]
[SourceDate "2023.11.12"]
[SourceVersion "1"]
[SourceVersionDate "2023.11.12"]
[SourceQuality "1"]

1. e4 c5 2. Nf3 d6 3. d4 cxd4 4. Nxd4 Nf6 5. Nc3 a6 6. h3 e5 7. Nf3 Be7 8. g4 Be6 9. Ng5 Bd7 10. Bc4 0-0 11. Nxf7 Rxf7 12. g5 Nxe4 13. Bxf7+ Kxf7 14. Qd5+ Kf8 15. Qxe4 Bc6 16. Qf5+ Kg8 17. Rg1 Qd7 18. Qxd7 Nxd7 19. f4 d5 20. Rf1 Re8 21. Bd2 exf4 22. 0-0-0 f3 23. Rde1 d4 24. Nd1 Nc5 25. Re5 Nd7 26. Ree1 Nb6 27. h4 Nc4 28. a3 Kf7 29. Bb4 Ne3 30. Rf2 Bd8 31. Bc5 Nf5 32. Rxe8 Kxe8 33. Rd2 Nxh4 34. Bxd4 Nf5 35. Ne3 Nxd4 36. Rxd4 Bxg5 37. Kd2 f2 0-1

[Event "Kerkinitida Cup Blitz"]
[Site "Evpatoria"]
[Date "2023.09.03"]
[Round "4"]
[White "Zakaryan, David"]
[Black "Triapishko, Alexandr"]
[Result "1/2-1/2"]
[WhiteElo "2305"]
[BlackElo "2499"]
[PlyCount "73"]
[EventDate "2023.09.03"]
[EventType "swiss (blitz)"]
[EventRounds "13"]
[EventCountry "UKR"]
[SourceTitle "EXT 2024"]
[Source "ChessBase"]
[SourceDate "2023.10.10"]
[SourceVersion "1"]
[SourceVersionDate "2023.10.10"]
[SourceQuality "1"]

1. c4 c5 2. Nf3 Nc6 3. Nc3 g6 4. e3 Nf6 5. d4 cxd4 6. exd4 d5 7. cxd5 Nxd5 8. Qb3 Nxc3 9. Bc4 Nd5 10. Bxd5 e6 11. Bxc6+ bxc6 12. 0-0 Qd5 13. Qc3 f6 14. Re1 Bd6 15. Be3 a5 16. Nd2 Ba6 17. Rac1 Rc8 18. a3 Kf7 19. Nc4 Bc7 20. Nd2 Bb6 21. Nc4 Bxc4 22. Qxc4 Rhd8 23. Qa6 Qb5 24. Qxb5 cxb5 25. d5 Bxe3 26. dxe6+ Ke7 27. fxe3 Kxe6 28. b4 a4 29. Kf2 Rd2+ 30. Kf3 Rdc2 31. Rxc2 Rxc2 32. Rd1 Ra2 33. Rc1 Rxa3 34. Rc5 Rb3 35. Rxb5 a3 36. Ra5 Rxb4 37. Rxa3 1/2-1/2